| 000 | 00627nam a2200181 i 4500 | ||
|---|---|---|---|
| 001 | 89681 | ||
| 003 | ES-MaACL | ||
| 005 | 20250729015732.0 | ||
| 007 | t| | ||
| 008 | 050112s1952 sp ||||1| spa d | ||
| 100 | 1 |
_aLasso de la Vega Jiménez-Placer, Javier, _d1892-1990 _970478 |
|
| 245 | 1 | 0 |
_aManual de biblioteconomía _b: organización técnica y científica de las bibliotecas / _cJavier Lasso de la Vega. |
| 260 |
_aMadrid : _bMayfe, _c1952 ( _fMag) |
||
| 300 |
_aXVI, 718 p., 1 lám. ; _c23 cm. |
||
| 650 | 0 | 7 |
_aBiblioteconomía _2embne _910554 |
| 852 |
_aES-MaACL _jC-6191 _bR.34740 |
||
| 999 |
_c89681 _d89681 |
||